| 000 | 00601nam a2200181 i 4500 | ||
|---|---|---|---|
| 001 | 155341 | ||
| 003 | ES-MaACL | ||
| 005 | 20230906210035.0 | ||
| 008 | 990702s1893 sp |||| | spa d | ||
| 100 | 1 |
_aHernández Villaescusa, Modesto. _963074 |
|
| 245 | 1 | 3 |
_aLa cuestión de Marruecos y el conflicto de Melilla / _cpor Modesto Hernández Villaescusa. |
| 260 |
_aBarcelona : _bRevista Científico-Militar, _c1893. |
||
| 300 |
_a191 p. ; _c16 cm. |
||
| 597 | _aAntep. | ||
| 650 | 4 |
_aGuerra de Melilla, 1893. _9149771 |
|
| 752 |
_aEspaña - _dBarcelona |
||
| 852 |
_aES-MaACL _jG-9914 _z- Enc. hol. |
||
| 999 |
_c155341 _d155341 |
||